Phoenix Suns: Top 10 All-Time Leaders - Statistics

General Stats
  • This quiz has been taken 751 times
    93 since last reset
  • The average score is 45 of 106
Answer Stats
Category # Player Amount % Correct
Points 1 Devin Booker 18,120
98%
Rebounds 9 Devin Booker 2,966
98%
Assists 4 Devin Booker 3,908
98%
Steals 9 Devin Booker 628
98%
Three Pointers Made 1 Devin Booker 1,546
98%
Points Per Game 3 Devin Booker 24.6
98%
Games 4 Devin Booker 737
98%
Points 8 Steve Nash 10,712
98%
Assists 1 Steve Nash 6,997
98%
Three Pointers Made 2 Steve Nash 1,051
98%
Games 3 Steve Nash 744
98%
Triple-Doubles T10 Steve Nash 2
98%
Points Per Game 1 Kevin Durant 26.8
86%
Points 7 Amar'e Stoudemire 11,035
84%
Rebounds 3 Amar'e Stoudemire 4,613
84%
Blocks 5 Amar'e Stoudemire 722
84%
Field Goal Percent 8 Amar'e Stoudemire 54.3%
84%
Points Per Game 6 Amar'e Stoudemire 21.4
84%
Rebounds 7 Charles Barkley 3,232
75%
Points Per Game 4 Charles Barkley 23.4
75%
Triple-Doubles 4 Charles Barkley 8
75%
Triple-Doubles T7 Chris Paul 3
70%
Points 4 Kevin Johnson 12,747
66%
Assists 2 Kevin Johnson 6,518
66%
Steals 4 Kevin Johnson 1,022
66%
Games 6 Kevin Johnson 683
66%
Triple-Doubles 2 Kevin Johnson 13
66%
Points 5 Shawn Marion 12,134
64%
Rebounds 2 Shawn Marion 6,616
64%
Steals 2 Shawn Marion 1,245
64%
Blocks 3 Shawn Marion 894
64%
Three Pointers Made 5 Shawn Marion 652
64%
Games 7 Shawn Marion 660
64%
Rebounds 8 Deandre Ayton 3,152
61%
Field Goal Percent 3 Deandre Ayton 59.7%
61%
Assists 6 Jason Kidd 3,011
46%
Steals 8 Jason Kidd 655
46%
Triple-Doubles 1 Jason Kidd 25
46%
Steals 5 Dan Majerle 811
45%
Three Pointers Made 3 Dan Majerle 800
45%
Games 9 Dan Majerle 595
45%
Points Per Game 8 Tom Chambers 20.6
45%
Field Goal Percent 2 Shaquille O'Neal 60.9%
41%
Points 2 Walter Davis 15,666
39%
Assists 5 Walter Davis 3,340
39%
Steals 3 Walter Davis 1,040
39%
Games 2 Walter Davis 766
39%
Rebounds 6 Mark West 3,241
32%
Blocks 2 Mark West 897
32%
Field Goal Percent 1 Mark West 61.3%
32%
Points 3 Alvan Adams 13,910
30%
Rebounds 1 Alvan Adams 6,937
30%
Assists 3 Alvan Adams 4,012
30%
Steals 1 Alvan Adams 1,289
30%
Blocks 4 Alvan Adams 808
30%
Games 1 Alvan Adams 988
30%
Triple-Doubles 3 Alvan Adams 12
30%
Three Pointers Made 10 Grayson Allen 513
30%
Three Pointers Made 9 Mikal Bridges 525
30%
Points 9 Paul Westphal 9,564
30%
Assists 8 Paul Westphal 2,429
30%
Steals 6 Paul Westphal 753
30%
Points Per Game 9 Paul Westphal 20.6
30%
Points 10 Larry Nance 8,430
29%
Rebounds 4 Larry Nance 3,791
29%
Steals 10 Larry Nance 516
29%
Blocks 1 Larry Nance 940
29%
Field Goal Percent 6 Larry Nance 56.1%
29%
Triple-Doubles T10 Larry Nance 2
29%
Three Pointers Made 4 Leandro Barbosa 751
25%
Games 10 Leandro Barbosa 553
25%
Points 6 Dick Van Arsdale 12,060
23%
Assists 9 Dick Van Arsdale 2,396
23%
Triple-Doubles T7 Eric Bledsoe 3
23%
Three Pointers Made 6 Raja Bell 622
23%
Points Per Game 7 Stephon Marbury 21.3
23%
Games 5 Dick Van Arsdale 685
21%
Triple-Doubles T7 Penny Hardaway 3
20%
Points Per Game 10 Connie Hawkins 20.5
18%
Triple-Doubles 6 Connie Hawkins 4
18%
Triple-Doubles T10 Jeff Hornacek 2
18%
Rebounds 5 Neal Walk 3,637
18%
Assists 7 Jeff Hornacek 2,523
16%
Steals 7 Jeff Hornacek 692
16%
Field Goal Percent 7 Marcin Gortat 54.7%
16%
Blocks 9 Oliver Miller 336
16%
Field Goal Percent 5 Oliver Miller 56.7%
16%
Blocks 7 Alvin Scott 371
14%
Games 8 Alvin Scott 627
14%
Triple-Doubles 5 Boris Diaw 5
14%
Points Per Game 2 Charlie Scott 24.8
14%
Points Per Game 5 Gail Goodrich 21.9
13%
Triple-Doubles T10 Gail Goodrich 2
13%
Three Pointers Made 7 Channing Frye 594
11%
Blocks 8 Alex Len 344
9%
Blocks 10 Gar Heard 303
9%
Rebounds 10 Paul Silas 2,886
9%
Three Pointers Made 8 Jared Dudley 541
7%
Blocks 6 Andrew Lang 509
5%
Field Goal Percent 9 Andrew Lang 53.8%
5%
Field Goal Percent 10 Antonio McDyess 53.0%
4%
Triple-Doubles T10 Ricky Rubio 2
4%
Triple-Doubles T10 Elfrid Payton 2
2%
Field Goal Percent 4 Ed Pinckney 57.1%
0%
Assists 10 Jay Humphries 1,862
0%
Triple-Doubles T10 Rich Kelley 2
0%
No matching quizzes found
Score Distribution
Percent of People with Each Score
Percentile by Number Answered
Your Score History
You have not taken this quiz since the last reset